Ferrari por León

Enregistré dans:
Détails bibliographiques
Auteur principal: Wain, Andrea (Auteur)
Format: Livre
Langue:espagnol
Publié: Buenos Aires Libraria 2016
Édition:1a. ed
Sujets:
Tags: Ajouter un tag
Pas de tags, Soyez le premier à ajouter un tag!

MARC

LEADER 00000cam a2200000 a 4500
001 UCC8026
003 CL-VaPUC
005 20240805105335.0
008 190524e20160000ag |||||||||||||||||spa|d
020 |a 9789873754098 
040 |c Pontificia Universidad Católica de Valparaíso 
082 0 4 |a 709.82  |b WAI  |2 21 
100 0 |a Wain, Andrea  |e author  |9 602725 
245 1 0 |a Ferrari por León 
250 |a 1a. ed 
260 |a Buenos Aires  |b Libraria  |c 2016 
300 |a 126 p 
583 |a last modification  |c 20190524 12:30:00  |k Rodrigo Vera 
650 0 |a Arte argentino  |9 360309 
650 0 |a Biografías  |9 255210 
650 0 |a Artistas latinoamericanos   |9 352687 
942 |c BK 
945 |d 20190524 12:30:00  |a dcastane 
999 |c 374474  |d 374472 
952 |0 0  |1 0  |3 erb  |4 0  |6 709_820000000000000_WAI_2016  |7 0  |8 R  |9 493031  |a BIBART  |b BIBART  |i 5550025  |o 709.82 WAI 2016  |p 5550025  |r 2025-03-13  |w 2019-11-24  |y BK_R  |z Catalogado en:20190524  |k ART